| 000 | 00652nam a22002177a 4500 | ||
|---|---|---|---|
| 003 | OSt | ||
| 005 | 20140310181958.0 | ||
| 008 | 130727t xxu||||| |||| 00| 0 eng d | ||
| 020 | _a9711340941 | ||
| 050 |
_aT 351 _b.Ar744 1990 |
||
| 082 |
_aFIL 741.2 _bAr6 1990 |
||
| 100 | _aArnau, Lou B. | ||
| 245 |
_aSunshine : _b a journey through the world of arts. _cLou B.Arnau |
||
| 260 |
_aMetro Manila : _b Bookmark, _cc1990. |
||
| 300 |
_a72p. : _bill (col.) ; |
||
| 520 | _a1. Drawing (Art appreciation). 2. Painting (Art appreciation). 3. Sketching (Art appreciation). | ||
| 562 | _e1 | ||
| 942 |
_2lcc _cBK |
||
| 999 |
_c7972 _d7972 |
||